书目信息 |
| 题名: |
全国计算机等级考试二级教程
|
|
| 作者: | 吉燕 主编 | |
| 分册: | MS Office高级应用 | |
| 出版信息: | 北京 高等教育出版社 2016.11 |
|
| 页数: | 406页 | |
| 开本: | 26cm | |
| 丛书名: | ||
| 单 册: | ||
| 中图分类: | TP3 , TP317.1 | |
| 科图分类: | ||
| 主题词: | 电子计算机--等级考试--教材 , 办公自动化--应用软件--等级考试--教材 | |
| 电子资源: | ||
| ISBN: | 978-7-04-046556-3 | |
| 000 | 00966nam0 2200253 450 | |
| 001 | 0400001583 | |
| 005 | 20171018173103.0 | |
| 010 | @a978-7-04-046556-3@dCNY54.00 | |
| 100 | @a20170215e2016 em y0chiy50 ea | |
| 101 | 0 | @achi |
| 102 | @aCN@b110000 | |
| 105 | @ay z 000yy | |
| 106 | @ar | |
| 200 | 1 | @a全国计算机等级考试二级教程@9quan guo ji suan ji deng ji kao shi er ji jiao cheng@e2017年版@iMS Office高级应用@f吉燕主编 |
| 210 | @a北京@c高等教育出版社@d2016.11@h2016.12 | |
| 215 | @a406页@d26cm | |
| 330 | @a本书共包括三大部分:利用Word高效创建电子文档,通过Excel创建并处理电子表格,使用PowerPoint制作演示文稿,涵盖了制作图文混排展示页、设计并批量生成参会代表胸卡标签、成绩汇总及批量生成成绩单等内容。 | |
| 606 | 0 | @a电子计算机@x等级考试@j教材 |
| 606 | 0 | @a办公自动化@x应用软件@x等级考试@j教材 |
| 690 | @aTP3@v5 | |
| 690 | @aTP317.1@v5 | |
| 701 | 0 | @a吉燕@9ji yan@c(计算机)@4主编 |
| 801 | 0 | @aCN@b91MARC@c20171018 |
| 905 | @b1022204-8@dTP3@f5@e699 | |
| 全国计算机等级考试二级教程:2017年版.MS Office高级应用/吉燕主编.-北京:高等教育出版社,2016.11(2016.12) |
| 406页;26cm |
| ISBN 978-7-04-046556-3:CNY54.00 |
| 本书共包括三大部分:利用Word高效创建电子文档,通过Excel创建并处理电子表格,使用PowerPoint制作演示文稿,涵盖了制作图文混排展示页、设计并批量生成参会代表胸卡标签、成绩汇总及批量生成成绩单等内容。 |
| ● |
| 相关链接 |
|
|
|
|
正题名:全国计算机等级考试二级教程
索取号:TP3/699
 
预约/预借
| 序号 | 登录号 | 条形码 | 馆藏地/架位号 | 状态 | 备注 |
| 1 | 1022204 | 210222043 | 第二样本阅览室/ [索取号:TP3/699] | 在馆 | |
| 2 | 1022205 | 210222052 | 密集书库—计算机科学学院/ [索取号:TP3/699] | 在馆 | |
| 3 | 1022206 | 210222061 | 第三借阅区/ [索取号:TP3/699] | 在馆 | |
| 4 | 1022207 | 210222070 | 第三借阅区/ [索取号:TP3/699] | 在馆 | |
| 5 | 1022208 | 210222089 | 第三借阅区/ [索取号:TP3/699] | 在馆 |